| 000 | 00677nam a22001577a 4500 | ||
|---|---|---|---|
| 003 | OSt | ||
| 005 | 20151030171015.0 | ||
| 008 | 151030b xxu||||| |||| 00| 0 eng d | ||
| 040 | _cRUA | ||
| 082 | _aATM.s KON 2004 B058 Or.1 | ||
| 100 |
_93082 _aKONG, KYNET. |
||
| 245 | _aThe effect of different storage methods of rice on germination rate and grain quality, ឥទ្ធិពលនៃការទុកដាក់ស្រូវតាមវិធីផ្សេងៗទៅលើអត្រាដំណុះគ្រាប់ និងគុណភាពអង្ករដើម | ||
| 260 |
_aPhnom Penh _bRUA _c2004 |
||
| 300 |
_ax; 43p. _bill. _c29cm. |
||
| 942 |
_2ddc _cATMSP |
||
| 999 |
_c2872 _d2872 |
||